Normal view
MARC view
- الأدب العربي - قصص طويلة - الأردن
Entry Topical Term
001 - CONTROL NUMBER
- control field: 48325
003 - CONTROL NUMBER IDENTIFIER
- control field: JO-AjAnu
005 - DATE AND TIME OF LATEST TRANSACTION
- control field: 20230606081954.0
008 - FIXED-LENGTH DATA ELEMENTS
- fixed length control field: 230606|| aca||aabn | a|a d
040 ## - CATALOGING SOURCE
- Original cataloging agency: JO-AjAnu
- Transcribing agency: JO-AjAnu
150 ## - HEADING--TOPICAL TERM
- Topical term or geographic name entry element: الأدب العربي - قصص طويلة - الأردن
670 ## - SOURCE DATA FOUND
- Source citation: Work cat.: (JO-AjAnu)24723: عطيات، محمد, author 48324, القصة الطويلة في الأدب الأردني: البدايات في الرواية الأردنية من بدء الإمارة 1921-1977